Statistics for Greek Football Clubs with European Achievements

Click here to take the quiz!

General Stats

  • This quiz has been taken 24 times
  • The average score is 8 of 15

Answer Stats

HintAnswer% Correct
Reached the European Cup Final in 1971Panathinaikos
100%
Reached the Champions League Rd of 16 multiple timesOlympiacos
95%
Finished both a Champions League and a Europa League group undefeatedAEK Athens
90%
Beat Atletico Madrid Home and Away, reaching Europa League Rd 32Aris
85%
Reached the Conference League Quarter Finals in 2022PAOK
85%
Reached the Quarter Finals of the Cup Winners' Cup in the 80sLarissa
45%
Knocked out Mainz and Maccabi to reach the Europa League Group StageAsteras Tripolis
40%
Drew against Newcastle and knocked out AIK Stockholm in the 2010sAtromitos
30%
Beat Kaiserslautern of Djorkaeff and Klose in GermanyIraklis
30%
Knocked out Atletico Madrid in the UEFA Cup in the 90sOFI Crete
30%
Knocked out Atletico Madrid in the UEFA Cup in the 70sPanionios
30%
Drew against Lazio and Middlesborough in the UEFA Cup in the 2000sXanthi
30%
Drew against Ferguson's Man Utd in their first and only European tieAthinaikos
25%
Knocked out Odds but lost to AZ in their only Europa League appearancePAS Giannina
25%
Drew against Fulham in Intertoto and Lazio in the UEFA Cup in the 2000sEgaleo
20%

Score Distribution

Percentile by Number Answered

Percent of People with Each Score

Your Score History

You have not taken this quiz